Cuerpos medievales (Registro nro. 326234)

Detalles MARC
000 -ENCABEZADO
Número de control [NR] 01342nam a22002897a 4500
005 - FECHA Y HORA DE LA ÚLTIMA TRANSACCIÓN
control field 20260407091519.0
008 - DE LONGITUD FIJA DE DATOS DE ELEMENTOS - INFORMACIÓN GENERAL
Elementos de longitud fija [NR] 260407b20252018 a|||| |||| 00| 0 spa d
020 ## - NUMERO INTERNACIONAL NORMALIZADO PARA LIBROS [R]
Número Internacional Normalizado del libro [NR] 9788419131257
040 ## - FUENTE DE CATALOGACION [NR]
Agencia de catalogación original [NR] CO-BoUCM
Idioma de catalogación [NR] spa
Quien Cataloga Sandra Palacio
Quien Clasifica Sandra Palacio
041 ## - CODIGO DE IDIOMA [R]
Código de idioma para texto/pista de sonido o título separado [R] Español
100 ## - ASIENTO PRINCIPAL--NOMBRE PERSONAL [NR]
Nombre personal [NR] Hartnell, Jack
ID Autoridad 188549
245 ## - MENCION DE TITULO [NR]
Título [NR] Cuerpos medievales
Parte restante del título [NR] vida, muerte y arte en la Edad Media
250 ## - MENCION DE EDICION [NR]
Mención de edición [NR] 2a.Ed.
260 ## - PUBLICACION, DISTRIBUCION, ETC. (PIE DE IMPRENTA) [R]
Lugar de publicación, distribución, etc. [R] Madrid
Nombre del editor, distribuidor, etc. [R] Abada Editores
Fecha de publicación, distribución, etc. [R] 2025
300 ## - DESCRIPCION FISICA [R]
Extensión [R] 352 páginas
Otros detalles físicos [NR] ilustraciones a color
490 ## - MENCION DE SERIE [R]
Mención de serie [R] Lecturas. Serie historia de las ideas
500 ## - NOTA GENERAL [R]
Nota general [NR] Traducción de: Medieval Bodies: Life, Death and Art in the Middle Ages
504 ## - NOTA DE BIBLIOGRAFIA, ETC. [R]
Nota de bibliografía, etc. [NR] Incluye referencias bibliográficas e índices
520 ## - NOTA DE RESUMEN, ETC. [R]
Nota de sumario, etc. [NR] Exploración multidisciplinar del cuerpo humano en el periodo medieval, combinando historia de la medicina, historia del arte y antropología social para explicar la relación entre lo físico y lo espiritual en la cultura de la época.
650 #4 - ASIENTO SECUNDARIO DE MATERIA - TERMINO TEMATICO [R]
Término temático o nombre geográfico como elemento de entrada [NR] Cuerpo humano
Subdivisión general [R] Aspectos sociales
Subdivisión cronológica [R] Edad Media
9 (RLIN) 188550
650 #4 - ASIENTO SECUNDARIO DE MATERIA - TERMINO TEMATICO [R]
Término temático o nombre geográfico como elemento de entrada [NR] Medicina medieval
Subdivisión general [R] Historia
9 (RLIN) 188551
650 #4 - ASIENTO SECUNDARIO DE MATERIA - TERMINO TEMATICO [R]
Término temático o nombre geográfico como elemento de entrada [NR] Arte medieval
Subdivisión general [R] Temas, motivos
9 (RLIN) 188552
650 #4 - ASIENTO SECUNDARIO DE MATERIA - TERMINO TEMATICO [R]
Término temático o nombre geográfico como elemento de entrada [NR] Historia social
Subdivisión cronológica [R] Edad Media
9 (RLIN) 188553
700 ## - ASIENTO SECUNDARIO - NOMBRE PERSONAL [R]
Nombre personal [NR] Martínez-Cabeza, Miguel Ángel
Término de relación [R] traductor
9 (RLIN) 188554
942 ## - ELEMENTOS DE ENTRADA AGREGADOS (KOHA)
Sistema de clasificación DEWEY
Tema principal Sociología
Tipo de ítem principal el descrito en 300a Libro
Edición 2
Clasificación 306.4610902
Parte restante de la signatura top. H333
Existencias
Fecha de último préstamo Total préstamos Signatura topográfica Código de barras Última vez visto Volúmen / Fascículo Ejemplar Price effective from Tipo de ítem Perdido Sistema de clasificación Dañado No prestable Tipo de ítem específico Suprimido Ubicación habitual Ubicación actual Localización Fecha de creación Forma de adquisición Costo
08/04/2026 2 306.4610902 H333 100175060 21/05/2026 2a.Ed. Ej.1 07/04/2026 Libro   DEWEY     Libro   Claustro Claustro 2do piso 07/04/2026 Compra 238600.00